| 000 | 00729nam a2200289Ia 4500 | ||
|---|---|---|---|
| 001 | 33600 | ||
| 005 | 20240114001654.0 | ||
| 007 | ta | ||
| 008 | 061227s2001 g b000 u 465 u | ||
| 020 | _a81-87169-07-9 | ||
| 040 | _aCotton College,Assam | ||
| 041 | _a465 | ||
| 082 |
_a541 _bR 137 P |
||
| 100 | _aRakshit, P.C.. | ||
| 245 | 0 |
_aPhysical Chemistry / _cP.C.Rakshit. _hTextual Documents |
|
| 250 | _a6th ed. / | ||
| 260 |
_aCalcutta : _bSarat Book Distributors , _c2001. |
||
| 300 |
_a850p. ; _c22cm. |
||
| 504 | _aIndex | ||
| 653 | _aChemistry | ||
| 653 | _aPhysical Chemistry | ||
| 653 | _aG-Chemistry | ||
| 942 |
_2ddc _cBK |
||
| 999 |
_c33582 _d33582 |
||